000
00331nas a22001457a 4500
003
OSt
005
20220203122545.0
008
210826b ||||| |||| 00| 0 eng d
022
_2
-
040
_a
Humanism
_c
245
_a
Humanism
260
_a
Devaathapovana Seva Trust
_b
July 2021
856
_3
Humanism
942
_2
ddc
_c
PR
_s
1
999
_c
216143
_d
216143